000 00837 a2200217 4500
003 UA-OsUOA
005 20260429103936.0
008 260429b un ||||| |||| 00| 0 ukr d
040 _aUA-OsUOA
_bukr
_cUA-OsUOA
_dUA-OsUOA
041 _aukr
080 _a050
090 _a050
_bЖ66
245 _aЖіночий світ
_cред. Анна Вах
_nч. 1-2
260 _bОрганізація Українок Канади ім. Ольги Басараб
_cсічень-лютий 1996
_aВінніпеґ
300 _a48 с.
520 _aРік XLVІI січень-лютий 1996 ч. 1-2 (536-537)
650 _2UDc
_a050 Серіальні видання. Періодика
_93723
942 _cMG
_2udc
955 _a4
999 _c580607
_d580607